A Holistic Approach to Ship Design : (Record no. 2821)
[ view plain ]
| 000 -LEADER | |
|---|---|
| fixed length control field | 02822nam a2200337 a 4500 |
| 006 - FIXED-LENGTH DATA ELEMENTS--ADDITIONAL MATERIAL CHARACTERISTICS--GENERAL INFORMATION | |
| fixed length control field | m |o go|ad |
| 007 - PHYSICAL DESCRIPTION FIXED FIELD--GENERAL INFORMATION | |
| fixed length control field | cr ||||||||||| |
| 008 - FIXED-LENGTH DATA ELEMENTS--GENERAL INFORMATION | |
| fixed length control field | 181211s2019 gw |||| o |||| 0|eng d |
| 020 ## - INTERNATIONAL STANDARD BOOK NUMBER | |
| International Standard Book Number | 9783030028107 (ebk) |
| 040 ## - CATALOGING SOURCE | |
| Original cataloging agency | IMU Kochi Library |
| Language of cataloging | eng |
| 041 0# - LANGUAGE CODE | |
| Language code of text/sound track or separate title | eng |
| 044 ## - COUNTRY OF PUBLISHING/PRODUCING ENTITY CODE | |
| MARC country code | Germany |
| 082 04 - DEWEY DECIMAL CLASSIFICATION NUMBER | |
| Classification number | 620.0042 |
| Edition number | 23 |
| 245 02 - TITLE STATEMENT | |
| Title | A Holistic Approach to Ship Design : |
| Sub Title | Volume 1: Optimisation of Ship Design and Operation for Life Cycle / |
| 250 ## - EDITION STATEMENT | |
| Edition statement | 1st ed. 2019. |
| 264 #1 - Production, Publication, Distribution, Manufacture, and Copyright Notice | |
| Place of production, publication, distribution, manufacture | Cham : |
| Name of producer, publisher, distributor, manufacturer | Springer International Publishing : |
| -- | Imprint: Springer, |
| Date of production, publication or copyright notice | 2019. |
| 300 ## - PHYSICAL DESCRIPTION | |
| Extent | 1 online resource (XX, 490 pages 314 illustrations, 263 illustrations in color.) |
| 505 0# - FORMATTED CONTENTS NOTE | |
| Formatted contents note | Introduction to the HOLISHIP Project -- State of the Art: Ship Design for Life-Cycle -- Holistic Ship Design Optimisation -- The CAESES Design Software Platform -- The CPACS Design Software Platform -- Systemic Approach to Ship Design -- Tools for the Assessment of Ship Design and Operation -- Hydrodynamic Tools -- Structural Design Tools -- Produceability Tools -- Machinery and Equipment -- Energy efficiency of integrated machinery systems -- Economy -- Application Studies -- Index. |
| 520 ## - SUMMARY, ETC. | |
| Summary, etc | This book introduces a holistic approach to ship design and its optimisation for life-cycle operation. It deals with the scientific background of the adopted approach and the associated synthesis model, which follows modern computer aided engineering (CAE) procedures. It integrates techno-economic databases, calculation and multi-objective optimisation modules and s/w tools with a well-established Computer-Aided Design (CAD) platform, along with a Virtual Vessel Framework (VVF), which will allow virtual testing before the building phase of a new vessel. The resulting graphic user interface (GUI) and information exchange systems enable the exploration of the huge design space to a much larger extent and in less time than is currently possible, thus leading to new insights and promising new design alternatives. The book not only covers the various stages of the design of the main ship system, but also addresses relevant major onboard systems/components in terms of life-cycle performance to offer readers a better understanding of suitable outfitting details, which is a key aspect when it comes the outfitting-intensive products of international shipyards. The book disseminates results of the EU funded Horizon 2020 project HOLISHIP (www.holiship.eu). |
| 650 #0 - SUBJECT ADDED ENTRY--TOPICAL TERM | |
| Topical term or geographic name as entry element | Computer-aided engineering. |
| 650 #0 - SUBJECT ADDED ENTRY--TOPICAL TERM | |
| Topical term or geographic name as entry element | Engineering design. |
| 650 #0 - SUBJECT ADDED ENTRY--TOPICAL TERM | |
| Topical term or geographic name as entry element | Fluid mechanics. |
| 650 #0 - SUBJECT ADDED ENTRY--TOPICAL TERM | |
| Topical term or geographic name as entry element | Mathematical optimization. |
| 650 #0 - SUBJECT ADDED ENTRY--TOPICAL TERM | |
| Topical term or geographic name as entry element | Transportation. |
| 700 1# - ADDED ENTRY--PERSONAL NAME | |
| Personal name | Papanikolaou, Apostolos. |
| Relator term | Editor |
| 852 ## - LOCATION/CALL NUMBER | |
| Location | IMU Kochi Library |
| 856 40 - ELECTRONIC LOCATION AND ACCESS | |
| Uniform Resource Identifier | <a href="https://doi.org/10.1007/978-3-030-02810-7">https://doi.org/10.1007/978-3-030-02810-7</a> |
| 904 ## - LOCAL DATA ELEMENT D, LDD (RLIN) | |
| CATALOGER | Rudra Ranjan |
| 905 ## - LOCAL DATA ELEMENT E, LDE (RLIN) | |
| VERIFIER | Rudra Ranjan |
| 942 ## - ADDED ENTRY ELEMENTS (KOHA) | |
| Item type | E-Book |
No items available.